00829nam a22002417a 4500003000900000005001700009008003800026020001500064040002200079082001600101100001600117245003200133260007700165300002900242490001300271500005600284830001300340942001200353945002700365952015300392956002500545999001700570DO-SdBNP20180216125030.0161031b 2006 xxu a 1 00| 0 spa d a076527650X aBPMSUbspacBPMSU axxxxbG776a1 aGraves, Sue10aDar una mano / cSue Graves aEstados Unidos : bCelebration Press, bPearson Learning Group , c2006. a8 p. : bil. ; c25 cm. 1 aiOpeners aConsultor de desarrollo de programa (K-2) Nell Duke 0aiOpeners 2ddccBK aInventariado, 2018/ YL 00102ddc40708CI-GaBPMETbBPMETd2017-10-23eDonado por el Despacho de la Primera Damal0oxxxx G776apBPMSU17100118r2017-10-23w2017-10-23yBK aYLOCKWARDb10cBPMSU c12670d12670